<?xml version="1.0" encoding="UTF-8"?>
<record
    xmlns:xsi="http://www.w3.org/2001/XMLSchema-instance"
    xsi:schemaLocation="http://www.loc.gov/MARC21/slim http://www.loc.gov/standards/marcxml/schema/MARC21slim.xsd"
    xmlns="http://www.loc.gov/MARC21/slim">

  <leader>01786cab a2200289Ia 45 0</leader>
  <controlfield tag="001">u184970</controlfield>
  <controlfield tag="003">SIRSI</controlfield>
  <controlfield tag="008">100915s2007    ua     ss b         eng d</controlfield>
  <datafield tag="040" ind1=" " ind2=" ">
    <subfield code="a">EAL</subfield>
  </datafield>
  <datafield tag="041" ind1=" " ind2=" ">
    <subfield code="a">eng</subfield>
    <subfield code="b">ara</subfield>
  </datafield>
  <datafield tag="090" ind1=" " ind2=" ">
    <subfield code="a">ART MUJAS V32 No1 46</subfield>
  </datafield>
  <datafield tag="100" ind1="1" ind2=" ">
    <subfield code="a">Shaaban, S. H. A.</subfield>
  </datafield>
  <datafield tag="240" ind1="1" ind2="0">
    <subfield code="a">Mansoura University journal of agricultural sciences, 2007 v. 32 (1)</subfield>
    <subfield code="h">[electronic resource].</subfield>
  </datafield>
  <datafield tag="245" ind1="1" ind2="0">
    <subfield code="a">Micronutrient changes and chemical properties in samany date palm cultivar as affected by nitrogen and potassium application</subfield>
    <subfield code="h">[electronic resource].</subfield>
  </datafield>
  <datafield tag="246" ind1="1" ind2="5">
    <subfield code="a">&#x627;&#x644;&#x62A;&#x63A;&#x64A;&#x64A;&#x631;&#x627;&#x62A; &#x641;&#x649; &#x627;&#x644;&#x639;&#x646;&#x627;&#x635;&#x631; &#x627;&#x644;&#x635;&#x63A;&#x631;&#x649; &#x648;&#x627;&#x644;&#x635;&#x641;&#x627;&#x62A; &#x627;&#x644;&#x643;&#x64A;&#x645;&#x64A;&#x627;&#x626;&#x64A;&#x629; &#x644;&#x646;&#x62E;&#x64A;&#x644; &#x627;&#x644;&#x628;&#x644;&#x62D; &#x627;&#x644;&#x633;&#x645;&#x627;&#x646;&#x649; &#x648;&#x62A;&#x623;&#x62B;&#x64A;&#x631;&#x647;&#x627; &#x628;&#x627;&#x644;&#x62A;&#x633;&#x645;&#x64A;&#x62F; &#x627;&#x644;&#x646;&#x64A;&#x62A;&#x631;&#x648;&#x62C;&#x64A;&#x646;&#x649; &#x648;&#x627;&#x644;&#x628;&#x648;&#x62A;&#x627;&#x633;&#x649; .</subfield>
  </datafield>
  <datafield tag="300" ind1=" " ind2=" ">
    <subfield code="a">P.601-614.</subfield>
  </datafield>
  <datafield tag="504" ind1=" " ind2=" ">
    <subfield code="a">Includes reference.</subfield>
  </datafield>
  <datafield tag="520" ind1=" " ind2=" ">
    <subfield code="a">The present investigation was carried out during 2004 and 2005 seasons on Samany date palm cv. Samany grown in EI-Kanater EI-Khairia, EI-Kaliobia Governorate, Egypt, to study the effect of nitrogen (ammonium nitrate) and potassium (potassium sulphate) fertilization on date palm micronutrient status. fruit chemical properties, and effect of sampling time, leaflets position (basal, middle and terminal) on leaf and fruit micronutrient contents and interaction between them, in order to obtain information to be used as a basis to proper fertilizer programs.</subfield>
  </datafield>
  <datafield tag="546" ind1=" " ind2=" ">
    <subfield code="a">Summary in Arabic.</subfield>
  </datafield>
  <datafield tag="650" ind1=" " ind2="0">
    <subfield code="a">Micronutrient fertilizers.</subfield>
  </datafield>
  <datafield tag="650" ind1=" " ind2="0">
    <subfield code="a">Palms.</subfield>
  </datafield>
  <datafield tag="650" ind1=" " ind2="0">
    <subfield code="a">Nitrogen fertilizers.</subfield>
  </datafield>
  <datafield tag="650" ind1=" " ind2="0">
    <subfield code="a">Potassium fertilizers.</subfield>
  </datafield>
  <datafield tag="773" ind1="0" ind2=" ">
    <subfield code="t">Mansoura Unviersity Journal of Agricultural Sciences. </subfield>
    <subfield code="g">2007.v.32(1)</subfield>
    <subfield code="x">1110-0346</subfield>
    <subfield code="7">nnas</subfield>
    <subfield code="w">u182197</subfield>
  </datafield>
  <datafield tag="856" ind1="4" ind2="0">
    <subfield code="u">http://nile.enal.sci.eg/EALE/2007/MUJAS/3207/1/601.pdf</subfield>
    <subfield code="z">Full Text Article.</subfield>
  </datafield>
  <datafield tag="596" ind1=" " ind2=" ">
    <subfield code="a">1</subfield>
  </datafield>
  <datafield tag="942" ind1=" " ind2=" ">
    <subfield code="c">AR</subfield>
    <subfield code="2">lcc</subfield>
  </datafield>
  <datafield tag="999" ind1=" " ind2=" ">
    <subfield code="c">40381</subfield>
    <subfield code="d">40381</subfield>
  </datafield>
</record>
